La violencia contra las mujeres: responde el sector de la salud /

Dades bibliogràfiques
Autor principal: Velzeboer, Marijke (autor)
Altres autors: Ellsberg, Mary (autor), Clavel-Arcas, Carmen (autor)
Format: Paquet
Idioma:Spanish
English
Publicat: Washington: Organización Panamericana de la Salud, 2003.
Edició:Primera edición.
Col·lecció:Publicación ocasional, no. 12
Matèries:

MARC

LEADER 00000cac a2200000 a 4500
003 Ucuenca
005 20230321075442.0
006 a||||fr|||| 001 |
007 ta
008 004010t20032003xxuaaaafr|||| 001|| spa a
020 |a 92 75 12292 X  |q inglés 
020 |a 92 75 32292 9 
040 |b spa  |a UCuenca-cdrjbv  |c UCuenca  |e rda 
041 1 |a spa  |h eng 
082 0 |2 21  |a 305.42  |c 27247 
100 1 |9 89194  |a Velzeboer, Marijke.  |e autor 
240 1 |a Violence against women: the health sector responds.   |l English 
245 3 |a La violencia contra las mujeres:  |b  responde el sector de la salud /   |c Marijke Velzeboer, Mary Ellsberg, Carmen Clavel-Arcas y Claudia García Moreno 
250 |a Primera edición. 
264 1 |a Washington:   |b Organización Panamericana de la Salud,   |c 2003. 
264 4 |c ©2003 
300 |a xi, 131 páginas:   |b ilu  |c 28 cm 
336 |2 rdacontent  |a texto  |b txt 
337 |2 rdamedia  |a no mediado  |b n 
338 |2 rdacarrier  |a volumen  |b nc 
490 0 |a Publicación ocasional,   |v no. 12 
504 |a incl. ref. 
505 1 |a El sector de la salud responde a la violencia basada en el género -- Lecciones aprendidas en América Central. 
650 1 0 |a Violencia  |9 2107 
650 1 7 |a Mujeres  |9 1160 
650 1 7 |2 UCuenca-cdrjbv  |a Salud  |9 324 
651 |2 UCuenca-cdrjbv 
700 1 |a Ellsberg, Mary.  |9 186318  |e autor 
700 1 |a Clavel-Arcas, Carmen.  |9 186319  |e autor 
852 |a UC-SALUD  |f Donación  |l 1  |m General  |p 20040106  |q $ 5  |t 27247  |b 0  |d CDRS  |e CDRS  |g 305.42 27247  |z 2004-40-10 
942 |c CR  |0 4  |2 ddc  |r vanessa.morales@ucuenca.edu.ec 
999 |c 53047  |d 53047